Panem Industry Match-Up Quiz Stats

 Plays Quiz Updated Feb 1, 2016

Challenge
Share
Tweet
Score 0/13 Timer 01:30
1 Play Today
% Correct
District 12
91.1%
District 13
78.4%
District 01
78.2%
District 11
66.4%
District 04
65.2%
District 02
61.2%
District 03
54.9%
District 07
44.6%
District 10
36%
District 08
32%
District 05
30.8%
District 09
28.6%
District 06
24.6%

You're not logged in!

Compare scores with friends on all Sporcle quizzes.
OR
Log In

You Might Also Like...

Show Comments

Extras

Top Quizzes Today


Score Distribution

Your Account Isn't Verified!

In order to create a playlist on Sporcle, you need to verify the email address you used during registration. Go to your Sporcle Settings to finish the process.

Report this User

Report this user for behavior that violates our Community Guidelines.

Details: